Análisis de inestabilidad oscilatoria de tensión

Zapisane w:
Opis bibliograficzny
1. autor: Valverde Mora, Gustavo A
Format: Książka
Wydane: 2005 [San José, Costa Rica]
Hasła przedmiotowe:
Etykiety: Dodaj etykietę
Nie ma etykietki, Dołącz pierwszą etykiete!

MARC

LEADER 00000nam a2200000Ia 4500
003 009729
005 20221231144122.0
008 140114s2005 cr a m 000 ||s d
040 |c cru CEDI 
090 |a TFG 5257 
100 |a Valverde Mora, Gustavo A  |9 5600 
245 |a Análisis de inestabilidad oscilatoria de tensión  
260 |c  [San José, Costa Rica]  |b 2005 
300 |a xii, 88 hojas : ilustraciones  
500 |a  Proyecto de graduación (bachiller en ingeniería eléctrica)--Universidad de Costa Rica. Facultad de Ingeniería. Escuela de Ingeniería Eléctrica 
650 |x OSCILACIONES   |x OSCILADORES ELECTRICOS   |x DINAMOS   |x FENOMENOS TRANSITORIOS (ELECTRICIDAD)   |x ESTABILIDAD DE SISTEMAS DE ENERGIA ELECTRICA   |x DISTRIBUCION DE ENERGIA ELECTRICA   |x TRANSMISION DE POTENCIA  |9 5601 
942 |c TFG 
999 |c 17167  |d 17167